[Event "Masters Tournament (MTO)"]
[Site "Biel, CH"]
[Date "2025.07.17"]
[Round "4"]
[White "Poh, Yu Tian"]
[Black "Karthikeyan, Murali"]
[Result "1/2-1/2"]
[Board "1"]
[WhiteFideId "5734088"]
[BlackFideId "5074452"]
[WhiteTitle "IM"]
[BlackTitle "GM"]
[WhiteElo "2458"]
[BlackElo "2650"]
[WhiteTeam "MAS"]
[BlackTeam "IND"]
[WhiteClock "0:30:21"]
[BlackClock "0:29:48"]
[Variant "Standard"]

1. e4 {[%clk 1:40:56]}  c5 {[%clk 1:40:40]} 2. Nf3 {[%clk 1:41:14]}  Nc6 {[%clk 1:39:59]} 3. d4 {[%clk 1:41:26]}  cxd4 {[%clk 1:41:11]} 4. Nxd4 {[%clk 1:41:51]}  e6 {[%clk 1:41:15]} 5. Bf4 {[%clk 1:41:57]}  d6 {[%clk 1:40:59]} 6. Nxc6 {[%clk 1:41:07]}  bxc6 {[%clk 1:41:23]} 7. Bd3 {[%clk 1:40:00]}  Rb8 {[%clk 1:40:25]} 8. O-O {[%clk 1:37:15]}  Rxb2 {[%clk 1:39:29]} 9. Nd2 {[%clk 1:31:08]}  Rb7 {[%clk 1:38:00]} 10. Rb1 {[%clk 1:28:28]}  Rxb1 {[%clk 1:30:36]} 11. Qxb1 {[%clk 1:28:35]}  Qc7 {[%clk 1:30:07]} 12. Qb2 {[%clk 1:16:20]}  e5 {[%clk 1:25:07]} 13. Be3 {[%clk 1:15:58]}  Nf6 {[%clk 1:24:46]} 14. Rb1 {[%clk 1:08:54]}  Nd7 {[%clk 1:02:53]} 15. Qa3 {[%clk 0:50:03]}  d5 {[%clk 0:57:29]} 16. Qxa7 {[%clk 0:53:07]}  Qxa7 {[%clk 0:40:17]} 17. Bxa7 {[%clk 0:53:11]}  Bc5 {[%clk 0:32:18]} 18. Bxc5 {[%clk 0:50:00]}  Nxc5 {[%clk 0:32:45]} 19. exd5 {[%clk 0:49:51]}  cxd5 {[%clk 0:32:17]} 20. Rb5 {[%clk 0:46:38]}  Nxd3 {[%clk 0:32:29]} 21. cxd3 {[%clk 0:46:57]}  Ke7 {[%clk 0:30:19]} 22. Rxd5 {[%clk 0:46:38]}  f6 {[%clk 0:28:20]} 23. Kf1 {[%clk 0:40:54]}  Bf5 {[%clk 0:29:21]} 24. Nc4 {[%clk 0:31:57]}  Ra8 {[%clk 0:29:16]} 25. a3 {[%clk 0:29:38]}  Ke6 {[%clk 0:28:35]} 26. Rd6+ {[%clk 0:29:07]}  Ke7 {[%clk 0:28:59]} 27. Rd5 {[%clk 0:29:28]}  Ke6 {[%clk 0:29:23]} 28. Rd6+ {[%clk 0:29:55]}  Ke7 {[%clk 0:29:48]} 29. Rd5 {[%clk 0:30:21]} 1/2-1/2

[Event "Masters Tournament (MTO)"]
[Site "Biel, CH"]
[Date "2025.07.17"]
[Round "4"]
[White "Bok, Benjamin"]
[Black "Pranav Anand"]
[Result "0-1"]
[Board "2"]
[WhiteFideId "1017063"]
[BlackFideId "46626786"]
[WhiteTitle "GM"]
[BlackTitle "GM"]
[WhiteElo "2593"]
[BlackElo "2566"]
[WhiteTeam "NED"]
[BlackTeam "IND"]
[WhiteClock "0:14:28"]
[BlackClock "0:34:34"]
[Variant "Standard"]

1. Nf3 {[%clk 1:37:45]}  Nf6 {[%clk 1:40:26]} 2. c4 {[%clk 1:38:05]}  e6 {[%clk 1:40:37]} 3. b3 {[%clk 1:37:35]}  d5 {[%clk 1:40:49]} 4. Bb2 {[%clk 1:38:47]}  Bd6 {[%clk 1:41:14]} 5. g3 {[%clk 1:34:11]}  O-O {[%clk 1:41:00]} 6. Bg2 {[%clk 1:28:56]}  Nbd7 {[%clk 1:11:19]} 7. O-O {[%clk 1:24:44]}  Re8 {[%clk 0:59:59]} 8. Nc3 {[%clk 1:22:09]}  c6 {[%clk 0:51:44]} 9. d4 {[%clk 1:19:18]}  dxc4 {[%clk 0:51:41]} 10. bxc4 {[%clk 0:51:45]}  e5 {[%clk 0:50:34]} 11. d5 {[%clk 0:36:15]}  Nc5 {[%clk 0:39:04]} 12. dxc6 {[%clk 0:41:04]}  bxc6 {[%clk 0:37:45]} 13. Na4 {[%clk 0:29:22]}  e4 {[%clk 0:36:50]} 14. Nd4 {[%clk 0:27:23]}  Nxa4 {[%clk 0:36:46]} 15. Qxa4 {[%clk 0:27:15]}  Bd7 {[%clk 0:27:50]} 16. Rad1 {[%clk 0:26:26]}  Qc7 {[%clk 0:16:53]} 17. Nb3 {[%clk 0:26:15]}  Be5 {[%clk 0:55:29]} 18. Bxe5 {[%clk 0:24:41]}  Rxe5 {[%clk 0:54:09]} 19. Qb4 {[%clk 0:13:47]}  Rae8 {[%clk 0:48:55]} 20. Rd2 {[%clk 0:07:38]}  Qc8 {[%clk 0:46:28]} 21. Rfd1 {[%clk 0:06:01]}  Bh3 {[%clk 0:38:23]} 22. Qc3 {[%clk 0:11:13]}  Rh5 {[%clk 0:34:24]} 23. Bh1 {[%clk 0:11:35]}  h6 {[%clk 0:25:16]} 24. Rd6 {[%clk 0:11:47]}  c5 {[%clk 0:24:25]} 25. Qd2 {[%clk 0:02:55]}  Kh7 {[%clk 0:19:03]} 26. Rd8 {[%clk 0:01:01]}  Rxd8 {[%clk 0:19:23]} 27. Qxd8 {[%clk 0:01:30]}  Qe6 {[%clk 0:18:13]} 28. Qd2 {[%clk 0:00:55]}  Qxc4 {[%clk 0:16:49]} 29. Rc1 {[%clk 0:01:20]}  Qb4 {[%clk 0:16:07]} 30. Qc2 {[%clk 0:00:50]}  Rd5 {[%clk 0:15:31]} 31. f3 {[%clk 0:00:34]}  Bf5 {[%clk 0:14:17]} 32. fxe4 {[%clk 0:00:17]}  Bxe4 {[%clk 0:15:13]} 33. Bxe4+ {[%clk 0:00:33]}  Nxe4 {[%clk 0:14:51]} 34. Qc4 {[%clk 0:00:05]}  Rd1+ {[%clk 0:15:27]} 35. Kg2 {[%clk 0:01:02]}  Rxc1 {[%clk 0:14:56]} 36. Qxc1 {[%clk 0:00:06]}  c4 {[%clk 0:14:21]} 37. Nd4 {[%clk 0:00:34]}  Qc5 {[%clk 0:13:26]} 38. Qe3 {[%clk 0:00:33]}  Qd5 {[%clk 0:13:39]} 39. h3 {[%clk 0:00:32]}  c3 {[%clk 0:12:07]} 40. Kh2 {[%clk 0:00:39]}  f5 {[%clk 0:09:47]} 41. h4 {[%clk 0:18:12]}  Qc5 {[%clk 0:04:43]} 42. Nc2 {[%clk 0:14:11]}  Qxe3 {[%clk 0:34:46]} 43. Nxe3 {[%clk 0:13:02]}  g5 {[%clk 0:33:40]} 44. hxg5 {[%clk 0:14:28]}  hxg5 {[%clk 0:34:34]} 0-1

[Event "Masters Tournament (MTO)"]
[Site "Biel, CH"]
[Date "2025.07.17"]
[Round "4"]
[White "Otsuka, Shou"]
[Black "Pranesh M"]
[Result "1/2-1/2"]
[Board "3"]
[WhiteFideId "7004702"]
[BlackFideId "35028600"]
[WhiteTitle "FM"]
[BlackTitle "GM"]
[WhiteElo "2362"]
[BlackElo "2592"]
[WhiteTeam "JPN"]
[BlackTeam "IND"]
[WhiteClock "0:22:49"]
[BlackClock "0:29:40"]
[Variant "Standard"]

1. e4 {[%clk 1:40:53]}  e5 {[%clk 1:40:47]} 2. Nf3 {[%clk 1:41:17]}  Nc6 {[%clk 1:41:08]} 3. Bc4 {[%clk 1:41:36]}  Nf6 {[%clk 1:41:27]} 4. d3 {[%clk 1:41:57]}  h6 {[%clk 1:41:46]} 5. O-O {[%clk 1:41:32]}  d6 {[%clk 1:42:05]} 6. a4 {[%clk 1:41:31]}  g5 {[%clk 1:41:45]} 7. a5 {[%clk 1:38:59]}  a6 {[%clk 1:40:29]} 8. Nc3 {[%clk 1:36:57]}  Bg4 {[%clk 1:40:39]} 9. Be3 {[%clk 1:32:30]}  Bg7 {[%clk 1:38:36]} 10. Re1 {[%clk 1:24:56]}  Qd7 {[%clk 1:06:06]} 11. Nd5 {[%clk 1:03:57]}  Nxd5 {[%clk 1:16:27]} 12. Bxd5 {[%clk 1:03:53]}  O-O {[%clk 1:13:26]} 13. c3 {[%clk 1:00:53]}  Rad8 {[%clk 1:02:41]} 14. h3 {[%clk 0:58:58]}  Be6 {[%clk 0:46:24]} 15. Bxg5 {[%clk 0:36:56]}  hxg5 {[%clk 0:52:32]} 16. Nxg5 {[%clk 0:37:20]}  Bxd5 {[%clk 0:41:46]} 17. Qh5 {[%clk 0:36:06]}  Bxe4 {[%clk 0:39:41]} 18. dxe4 {[%clk 0:34:27]}  Rfe8 {[%clk 0:40:00]} 19. Re3 {[%clk 0:33:53]}  Re6 {[%clk 0:38:25]} 20. Nxe6 {[%clk 0:25:17]}  Qxe6 {[%clk 0:38:12]} 21. Rg3 {[%clk 0:25:30]}  Kf8 {[%clk 0:34:38]} 22. Rd1 {[%clk 0:22:59]}  Bf6 {[%clk 0:33:01]} 23. b4 {[%clk 0:21:48]}  Ke7 {[%clk 0:31:23]} 24. Qe2 {[%clk 0:21:31]}  Na7 {[%clk 0:30:28]} 25. Rf3 {[%clk 0:19:25]}  Nb5 {[%clk 0:29:56]} 26. Rdd3 {[%clk 0:19:44]}  Rg8 {[%clk 0:27:41]} 27. Kh2 {[%clk 0:15:59]}  c6 {[%clk 0:25:20]} 28. Qe3 {[%clk 0:11:27]}  Rg6 {[%clk 0:22:55]} 29. g3 {[%clk 0:09:32]}  Kf8 {[%clk 0:19:10]} 30. Qb6 {[%clk 0:08:45]}  Rh6 {[%clk 0:15:21]} 31. h4 {[%clk 0:08:06]}  Qg4 {[%clk 0:15:01]} 32. Qxb7 {[%clk 0:05:51]}  d5 {[%clk 0:12:04]} 33. exd5 {[%clk 0:04:03]}  cxd5 {[%clk 0:07:45]} 34. Qxd5 {[%clk 0:00:49]}  e4 {[%clk 0:07:21]} 35. Rf4 {[%clk 0:00:41]}  Rxh4+ {[%clk 0:07:41]} 36. Kg1 {[%clk 0:00:49]}  Qxf4 {[%clk 0:07:17]} 37. gxf4 {[%clk 0:01:11]}  exd3 {[%clk 0:07:44]} 38. Qxd3 {[%clk 0:00:46]}  Rg4+ {[%clk 0:08:11]} 39. Kf1 {[%clk 0:00:31]}  Bxc3 {[%clk 0:08:31]} 40. Qc4 {[%clk 0:00:31]}  Kg7 {[%clk 0:07:17]} 41. Ke2 {[%clk 0:26:01]}  Rg6 {[%clk 0:36:47]} 42. f5 {[%clk 0:23:57]}  Rd6 {[%clk 0:36:46]} 43. Kf3 {[%clk 0:22:41]}  Kf6 {[%clk 0:36:22]} 44. Kg2 {[%clk 0:22:32]}  Bd2 {[%clk 0:35:55]} 45. Kf1 {[%clk 0:22:40]}  Bc3 {[%clk 0:35:55]} 46. Kg2 {[%clk 0:23:04]}  Bd4 {[%clk 0:36:18]} 47. f3 {[%clk 0:21:04]}  Be5 {[%clk 0:36:08]} 48. Kh3 {[%clk 0:21:16]}  Bc3 {[%clk 0:36:22]} 49. Kg2 {[%clk 0:21:29]}  Ke7 {[%clk 0:36:18]} 50. Qe4+ {[%clk 0:21:48]}  Kd7 {[%clk 0:36:24]} 51. Qc4 {[%clk 0:21:14]}  f6 {[%clk 0:36:24]} 52. Qf7+ {[%clk 0:21:24]}  Kc6 {[%clk 0:35:55]} 53. Qc4+ {[%clk 0:21:46]}  Kb7 {[%clk 0:36:17]} 54. Qe4+ {[%clk 0:22:09]}  Kc7 {[%clk 0:35:27]} 55. Qe7+ {[%clk 0:22:16]}  Kc6 {[%clk 0:34:27]} 56. Qe8+ {[%clk 0:19:21]}  Kb7 {[%clk 0:31:32]} 57. Qe7+ {[%clk 0:18:09]}  Kc6 {[%clk 0:28:21]} 58. Qe8+ {[%clk 0:17:14]}  Kc7 {[%clk 0:28:33]} 59. Qe7+ {[%clk 0:22:17]}  Kb8 {[%clk 0:28:26]} 60. Qe8+ {[%clk 0:22:16]}  Ka7 {[%clk 0:28:44]} 61. Qe7+ {[%clk 0:22:36]}  Ka8 {[%clk 0:29:10]} 62. Qe8+ {[%clk 0:23:00]}  Kb7 {[%clk 0:29:37]} 63. Qe7+ {[%clk 0:23:11]}  Kc6 {[%clk 0:29:48]} 64. Qe8+ {[%clk 0:22:43]}  Kb7 {[%clk 0:29:40]} 65. Qe4+ {[%clk 0:22:49]} 1/2-1/2

[Event "Masters Tournament (MTO)"]
[Site "Biel, CH"]
[Date "2025.07.17"]
[Round "4"]
[White "Yilmaz, Mustafa"]
[Black "Kueppers, Timo"]
[Result "1-0"]
[Board "4"]
[WhiteFideId "6302718"]
[BlackFideId "16205820"]
[WhiteTitle "GM"]
[BlackTitle "FM"]
[WhiteElo "2586"]
[BlackElo "2292"]
[WhiteTeam "TUR"]
[BlackTeam "GER"]
[WhiteClock "0:02:05"]
[BlackClock "0:02:06"]
[Variant "Standard"]

1. d4 {[%clk 1:40:59]}  Nf6 {[%clk 1:39:10]} 2. c4 {[%clk 1:41:23]}  e6 {[%clk 1:39:36]} 3. Nf3 {[%clk 1:41:37]}  Bb4+ {[%clk 1:40:01]} 4. Nbd2 {[%clk 1:40:55]}  O-O {[%clk 1:40:23]} 5. a3 {[%clk 1:40:48]}  Bxd2+ {[%clk 1:40:35]} 6. Nxd2 {[%clk 1:36:41]}  d6 {[%clk 1:35:57]} 7. g3 {[%clk 1:22:28]}  e5 {[%clk 1:33:06]} 8. d5 {[%clk 1:16:51]}  a5 {[%clk 1:19:58]} 9. Bg2 {[%clk 1:15:13]}  Nbd7 {[%clk 1:24:14]} 10. b3 {[%clk 1:13:13]}  Nc5 {[%clk 1:21:47]} 11. Bb2 {[%clk 1:07:18]}  Bd7 {[%clk 1:17:30]} 12. O-O {[%clk 0:46:56]}  b5 {[%clk 0:56:04]} 13. Rc1 {[%clk 0:52:46]}  Qb8 {[%clk 0:36:57]} 14. Re1 {[%clk 0:42:19]}  b4 {[%clk 0:36:48]} 15. Qc2 {[%clk 0:32:20]}  Qb6 {[%clk 0:35:54]} 16. h3 {[%clk 0:31:47]}  Ne8 {[%clk 0:31:14]} 17. Ra1 {[%clk 0:29:14]}  Rb8 {[%clk 0:30:17]} 18. axb4 {[%clk 0:26:02]}  axb4 {[%clk 0:28:42]} 19. Kh2 {[%clk 0:26:05]}  f5 {[%clk 0:20:24]} 20. f4 {[%clk 0:26:03]}  Nf6 {[%clk 0:15:04]} 21. fxe5 {[%clk 0:17:50]}  dxe5 {[%clk 0:15:29]} 22. Bxe5 {[%clk 0:18:15]}  Rbe8 {[%clk 0:10:50]} 23. Qb2 {[%clk 0:14:49]}  Nh5 {[%clk 0:12:50]} 24. Nf3 {[%clk 0:07:52]}  Ne4 {[%clk 0:12:53]} 25. Qd4 {[%clk 0:03:35]}  Qg6 {[%clk 0:09:59]} 26. Bxc7 {[%clk 0:05:15]}  f4 {[%clk 0:08:14]} 27. g4 {[%clk 0:05:15]}  Bxg4 {[%clk 0:06:57]} 28. hxg4 {[%clk 0:03:54]}  Qxg4 {[%clk 0:06:40]} 29. Be5 {[%clk 0:03:40]}  Qg3+ {[%clk 0:02:33]} 30. Kg1 {[%clk 0:04:07]}  Rxe5 {[%clk 0:02:23]} 31. Qxe5 {[%clk 0:02:08]}  Qf2+ {[%clk 0:02:06]} 32. Kh1 {[%clk 0:02:05]} 1-0

[Event "Masters Tournament (MTO)"]
[Site "Biel, CH"]
[Date "2025.07.17"]
[Round "4"]
[White "Karthik Venkataraman"]
[Black "Mostertman, Milan"]
[Result "1-0"]
[Board "5"]
[WhiteFideId "25006479"]
[BlackFideId "1025848"]
[WhiteTitle "GM"]
[BlackTitle "FM"]
[WhiteElo "2540"]
[BlackElo "2212"]
[WhiteTeam "IND"]
[BlackTeam "NED"]
[WhiteClock "1:07:10"]
[BlackClock "0:22:17"]
[Variant "Standard"]

1. d4 {[%clk 1:39:02]}  Nf6 {[%clk 1:40:51]} 2. Nf3 {[%clk 1:38:58]}  e6 {[%clk 1:41:10]} 3. e3 {[%clk 1:34:29]}  d5 {[%clk 1:37:02]} 4. Bd3 {[%clk 1:38:16]}  Bd6 {[%clk 1:37:08]} 5. b3 {[%clk 1:37:35]}  b6 {[%clk 1:37:05]} 6. Bb2 {[%clk 1:37:56]}  Bb7 {[%clk 1:35:39]} 7. Nbd2 {[%clk 1:36:59]}  O-O {[%clk 1:35:36]} 8. Ne5 {[%clk 1:36:52]}  Ne4 {[%clk 1:30:38]} 9. Nxe4 {[%clk 1:36:36]}  dxe4 {[%clk 1:30:25]} 10. Be2 {[%clk 1:36:59]}  Bxe5 {[%clk 1:21:08]} 11. dxe5 {[%clk 1:37:07]}  Nc6 {[%clk 1:21:32]} 12. Qxd8 {[%clk 1:30:57]}  Rfxd8 {[%clk 1:15:54]} 13. a3 {[%clk 1:36:18]}  Rd7 {[%clk 1:05:03]} 14. h4 {[%clk 1:35:18]}  Rad8 {[%clk 1:04:52]} 15. h5 {[%clk 1:19:54]}  Rd5 {[%clk 0:46:44]} 16. Rh4 {[%clk 1:29:49]}  Nxe5 {[%clk 0:43:36]} 17. Rxe4 {[%clk 1:25:38]}  f6 {[%clk 0:33:27]} 18. Ra4 {[%clk 1:22:14]}  Rc5 {[%clk 0:35:14]} 19. Bxe5 {[%clk 1:07:22]}  fxe5 {[%clk 0:35:21]} 20. Rxa7 {[%clk 1:07:13]}  Bxg2 {[%clk 0:35:42]} 21. Rd1 {[%clk 1:08:10]}  Rxd1+ {[%clk 0:28:46]} 22. Kxd1 {[%clk 1:06:01]}  e4 {[%clk 0:21:11]} 23. b4 {[%clk 1:06:13]}  Rc6 {[%clk 0:21:24]} 24. Kc1 {[%clk 1:05:39]}  Bf3 {[%clk 0:21:32]} 25. Bb5 {[%clk 1:06:00]}  Rd6 {[%clk 0:21:57]} 26. Rxc7 {[%clk 1:06:24]}  Bxh5 {[%clk 0:22:22]} 27. Rc8+ {[%clk 1:06:45]}  Kf7 {[%clk 0:22:17]} 28. Be8+ {[%clk 1:07:10]} 1-0

[Event "Masters Tournament (MTO)"]
[Site "Biel, CH"]
[Date "2025.07.17"]
[Round "4"]
[White "Song, Ethan"]
[Black "Sasikiran, Krishnan"]
[Result "0-1"]
[Board "6"]
[WhiteFideId "62900412"]
[BlackFideId "5004985"]
[WhiteTitle "FM"]
[BlackTitle "GM"]
[WhiteElo "2288"]
[BlackElo "2531"]
[WhiteTeam "CAN"]
[BlackTeam "IND"]
[WhiteClock "0:38:43"]
[BlackClock "0:03:31"]
[Variant "Standard"]

1. e4 {[%clk 1:34:14]}  g6 {[%clk 1:40:41]} 2. d4 {[%clk 1:34:40]}  Bg7 {[%clk 1:40:58]} 3. Nc3 {[%clk 1:35:07]}  d6 {[%clk 1:40:18]} 4. Be3 {[%clk 1:35:19]}  a6 {[%clk 1:38:26]} 5. Qd2 {[%clk 1:33:39]}  b5 {[%clk 1:36:25]} 6. f3 {[%clk 1:28:24]}  Nd7 {[%clk 1:25:37]} 7. h4 {[%clk 1:25:19]}  h6 {[%clk 1:24:31]} 8. a3 {[%clk 1:24:25]}  Bb7 {[%clk 1:19:45]} 9. Nge2 {[%clk 1:16:43]}  e6 {[%clk 1:11:11]} 10. Ng3 {[%clk 1:09:45]}  h5 {[%clk 1:02:25]} 11. Be2 {[%clk 0:57:15]}  Ne7 {[%clk 0:54:24]} 12. f4 {[%clk 0:58:41]}  Nf6 {[%clk 0:48:48]} 13. f5 {[%clk 0:56:54]}  exf5 {[%clk 0:42:03]} 14. exf5 {[%clk 0:57:10]}  Qd7 {[%clk 0:40:11]} 15. O-O {[%clk 0:52:48]}  Nxf5 {[%clk 0:35:07]} 16. Nxf5 {[%clk 0:52:21]}  gxf5 {[%clk 0:36:31]} 17. Bd3 {[%clk 0:48:43]}  Ne4 {[%clk 0:30:59]} 18. Bxe4 {[%clk 0:49:04]}  fxe4 {[%clk 0:29:35]} 19. Bg5 {[%clk 0:49:11]}  f5 {[%clk 0:10:43]} 20. Ne2 {[%clk 0:46:06]}  O-O {[%clk 0:21:01]} 21. Rf4 {[%clk 0:35:16]}  Qe6 {[%clk 0:19:16]} 22. Qe3 {[%clk 0:32:22]}  Rf7 {[%clk 0:16:00]} 23. Rf2 {[%clk 0:32:17]}  c5 {[%clk 0:15:06]} 24. c3 {[%clk 0:31:06]}  cxd4 {[%clk 0:08:32]} 25. cxd4 {[%clk 0:31:22]}  Rc7 {[%clk 0:07:17]} 26. Ng3 {[%clk 0:30:27]}  Rf8 {[%clk 0:05:07]} 27. Nxh5 {[%clk 0:30:43]}  Bh8 {[%clk 0:05:08]} 28. Nf4 {[%clk 0:29:58]}  Qf7 {[%clk 0:03:34]} 29. Raf1 {[%clk 0:28:00]}  Rc4 {[%clk 0:03:05]} 30. Ne2 {[%clk 0:28:08]}  Bc8 {[%clk 0:03:12]} 31. b3 {[%clk 0:25:36]}  Rc2 {[%clk 0:02:44]} 32. Bh6 {[%clk 0:25:08]}  Re8 {[%clk 0:00:27]} 33. Bf4 {[%clk 0:21:36]}  Qd5 {[%clk 0:01:26]} 34. Qg3+ {[%clk 0:20:48]}  Kh7 {[%clk 0:00:49]} 35. Qg5 {[%clk 0:20:33]}  Qf7 {[%clk 0:01:06]} 36. Bxd6 {[%clk 0:18:56]}  e3 {[%clk 0:00:55]} 37. Rxf5 {[%clk 0:17:03]}  Bxf5 {[%clk 0:00:51]} 38. Rxf5 {[%clk 0:17:28]}  Qg6 {[%clk 0:00:28]} 39. Qxg6+ {[%clk 0:17:30]}  Kxg6 {[%clk 0:01:27]} 40. Rg5+ {[%clk 0:17:47]}  Kf7 {[%clk 0:01:15]} 41. Kf1 {[%clk 0:17:59]}  Re4 {[%clk 0:00:42]} 42. g3 {[%clk 0:03:48]}  Bxd4 {[%clk 0:17:42]} 43. Rd5 {[%clk 0:44:56]}  Bb2 {[%clk 0:16:54]} 44. Bb4 {[%clk 0:44:36]}  Re6 {[%clk 0:12:56]} 45. Rd3 {[%clk 0:39:16]}  Bf6 {[%clk 0:11:36]} 46. Rd7+ {[%clk 0:38:29]}  Ke8 {[%clk 0:10:48]} 47. Rd3 {[%clk 0:43:59]}  Bg7 {[%clk 0:06:39]} 48. Be1 {[%clk 0:42:35]}  Bh6 {[%clk 0:05:40]} 49. Bc3 {[%clk 0:40:39]}  Re7 {[%clk 0:02:35]} 50. Bf6 {[%clk 0:39:27]}  Rd2 {[%clk 0:02:09]} 51. Bxe7 {[%clk 0:41:03]}  Rxd3 {[%clk 0:01:55]} 52. Bf6 {[%clk 0:39:21]}  Rd1+ {[%clk 0:03:21]} 53. Kg2 {[%clk 0:39:11]}  Re1 {[%clk 0:03:14]} 54. Nc3 {[%clk 0:38:43]}  e2 {[%clk 0:03:31]} 0-1

[Event "Masters Tournament (MTO)"]
[Site "Biel, CH"]
[Date "2025.07.17"]
[Round "4"]
[White "Chen, Yuan"]
[Black "Dau Khuong Duy"]
[Result "1/2-1/2"]
[Board "7"]
[WhiteFideId "8618860"]
[BlackFideId "12424722"]
[BlackTitle "IM"]
[WhiteElo "2286"]
[BlackElo "2456"]
[WhiteTeam "CHN"]
[BlackTeam "VIE"]
[WhiteClock "0:39:45"]
[BlackClock "0:42:02"]
[Variant "Standard"]

1. e4 {[%clk 1:39:53]}  c5 {[%clk 1:40:43]} 2. Nf3 {[%clk 1:39:53]}  e6 {[%clk 1:40:58]} 3. d4 {[%clk 1:37:43]}  cxd4 {[%clk 1:41:06]} 4. Nxd4 {[%clk 1:38:08]}  a6 {[%clk 1:41:24]} 5. Bd3 {[%clk 1:36:51]}  Bc5 {[%clk 1:41:22]} 6. Nb3 {[%clk 1:37:11]}  Ba7 {[%clk 1:41:27]} 7. Qe2 {[%clk 1:36:52]}  Nc6 {[%clk 1:40:36]} 8. Be3 {[%clk 1:36:51]}  Nge7 {[%clk 1:39:14]} 9. N1d2 {[%clk 1:34:32]}  O-O {[%clk 1:35:43]} 10. f4 {[%clk 1:29:20]}  d6 {[%clk 1:33:11]} 11. Nf3 {[%clk 1:32:39]}  b5 {[%clk 1:26:36]} 12. Bxa7 {[%clk 1:31:31]}  Rxa7 {[%clk 1:26:59]} 13. e5 {[%clk 1:27:12]}  dxe5 {[%clk 1:08:41]} 14. O-O-O {[%clk 1:20:02]}  Nd5 {[%clk 1:03:33]} 15. Nxe5 {[%clk 1:12:02]}  Ncb4 {[%clk 0:57:31]} 16. Kb1 {[%clk 1:09:34]}  Nxd3 {[%clk 0:56:16]} 17. Qxd3 {[%clk 1:09:28]}  Qf6 {[%clk 0:54:27]} 18. g3 {[%clk 1:07:59]}  Rc7 {[%clk 0:48:10]} 19. Na5 {[%clk 0:53:07]}  Bd7 {[%clk 0:44:15]} 20. Qd4 {[%clk 0:48:16]}  Rfc8 {[%clk 0:46:54]} 21. Nxd7 {[%clk 0:46:51]}  Rxd7 {[%clk 0:47:16]} 22. Qxf6 {[%clk 0:46:53]}  gxf6 {[%clk 0:47:39]} 23. Rd3 {[%clk 0:43:40]}  Rdc7 {[%clk 0:46:25]} 24. c3 {[%clk 0:41:34]}  f5 {[%clk 0:46:01]} 25. a3 {[%clk 0:40:22]}  h5 {[%clk 0:45:06]} 26. Nb3 {[%clk 0:40:28]}  Kg7 {[%clk 0:45:14]} 27. Nd4 {[%clk 0:40:35]}  Kf6 {[%clk 0:45:14]} 28. Nc2 {[%clk 0:39:39]}  h4 {[%clk 0:42:31]} 29. Nb4 {[%clk 0:39:45]}  Nxb4 {[%clk 0:42:02]} 1/2-1/2

[Event "Masters Tournament (MTO)"]
[Site "Biel, CH"]
[Date "2025.07.17"]
[Round "4"]
[White "Panchanathan, Magesh Chandran"]
[Black "Erne, Raphael"]
[Result "1-0"]
[Board "8"]
[WhiteFideId "5007429"]
[BlackFideId "1341928"]
[WhiteTitle "GM"]
[WhiteElo "2454"]
[BlackElo "2164"]
[WhiteTeam "IND"]
[BlackTeam "SUI"]
[WhiteClock "0:56:45"]
[BlackClock "0:09:56"]
[Variant "Standard"]

1. Nf3 {[%clk 1:39:35]}  d5 {[%clk 1:40:41]} 2. g3 {[%clk 1:40:00]}  c6 {[%clk 1:40:58]} 3. Bg2 {[%clk 1:40:25]}  Bg4 {[%clk 1:41:09]} 4. O-O {[%clk 1:40:00]}  Nd7 {[%clk 1:40:26]} 5. h3 {[%clk 1:40:23]}  Bh5 {[%clk 1:40:41]} 6. c4 {[%clk 1:40:47]}  Ngf6 {[%clk 1:35:56]} 7. cxd5 {[%clk 1:35:48]}  cxd5 {[%clk 1:35:42]} 8. Nc3 {[%clk 1:35:38]}  Bxf3 {[%clk 1:29:40]} 9. Bxf3 {[%clk 1:36:01]}  e6 {[%clk 1:25:41]} 10. Qb3 {[%clk 1:32:53]}  Qb6 {[%clk 1:24:48]} 11. Qxb6 {[%clk 1:32:24]}  Nxb6 {[%clk 1:23:50]} 12. Nb5 {[%clk 1:32:32]}  Kd7 {[%clk 1:15:49]} 13. d3 {[%clk 1:31:36]}  a6 {[%clk 1:00:34]} 14. Nc3 {[%clk 1:31:50]}  d4 {[%clk 0:57:03]} 15. Nb1 {[%clk 1:32:00]}  Nbd5 {[%clk 0:52:19]} 16. Nd2 {[%clk 1:32:05]}  b5 {[%clk 0:44:08]} 17. Nb3 {[%clk 1:28:05]}  e5 {[%clk 0:44:04]} 18. Bg5 {[%clk 1:27:47]}  Rc8 {[%clk 0:39:18]} 19. a4 {[%clk 1:27:28]}  Bd6 {[%clk 0:26:18]} 20. axb5 {[%clk 1:18:58]}  axb5 {[%clk 0:29:45]} 21. Ra5 {[%clk 1:19:09]}  Rb8 {[%clk 0:25:20]} 22. Rc1 {[%clk 1:14:42]}  Rhc8 {[%clk 0:22:33]} 23. Rxc8 {[%clk 1:08:00]}  Kxc8 {[%clk 0:22:44]} 24. Ra7 {[%clk 1:06:11]}  Bc7 {[%clk 0:20:07]} 25. g4 {[%clk 0:55:11]}  h6 {[%clk 0:15:20]} 26. Bd2 {[%clk 0:57:02]}  Rb7 {[%clk 0:14:09]} 27. Ra1 {[%clk 0:57:22]}  Bb6 {[%clk 0:11:34]} 28. h4 {[%clk 0:57:12]}  g5 {[%clk 0:08:57]} 29. hxg5 {[%clk 0:56:12]}  hxg5 {[%clk 0:09:22]} 30. Bxg5 {[%clk 0:56:36]}  Ra7 {[%clk 0:09:30]} 31. Rxa7 {[%clk 0:56:20]}  Bxa7 {[%clk 0:09:56]} 32. Bh4 {[%clk 0:56:45]} 1-0